Una relaci贸n in茅dita de la conquista: La cr贸nica de Diego de Trujillo (Record no. 22386)

MARC details
000 -LEADER
campo de control de longitud fija 00343nam a2200121Ia 4500
005 - FECHA Y HORA DE LA 脷LTIMA TRANSACCI脫N
campo de control 20251222144912.0
008 - DATOS DE LONGITUD FIJA--INFORMACI脫N GENERAL
campo de control de longitud fija 251222s9999||||xx |||||||||||||| ||spa||
082 ## - N脷MERO DE LA CLASIFICACI脫N DECIMAL DEWEY
N煤mero de clasificaci贸n 985.019.1/P78
100 ## - ENTRADA PRINCIPAL--NOMBRE DE PERSONA
Nombre de persona "Porras Barrenechea, Ra茅l"
245 #0 - MENCI脫N DEL T脥TULO
T铆tulo Una relaci贸n in茅dita de la conquista: La cr贸nica de Diego de Trujillo
250 ## - MENCION DE EDICION
Menci贸n de edici贸n 2a.ed.
942 ## - ELEMENTOS DE ENTRADA SECUNDARIOS (KOHA)
Tipo de 铆tem Koha Libros
Holdings
Estatus retirado Estado de p茅rdida Estado de da帽o No para pr茅stamo Biblioteca de origen Biblioteca actual Ubicaci贸n en estanter铆a Fecha de adquisici贸n Total de pr茅stamos Signatura topogr谩fica completa C贸digo de barras Visto por 煤ltima vez Precio de reemplazo Tipo de 铆tem Koha
        Biblioteca Central Biblioteca Central Programa 22/12/2025   985.019.1/P78 0038258 22/12/2025 22/12/2025 Libros